| 000 | 00841nam a2200217 a 4500 | ||
|---|---|---|---|
| 005 | 20210223124600.0 | ||
| 008 | 020226s1999 cl r 000 0 spa d | ||
| 020 | _a9589121098 | ||
| 035 | _aUPN01000116526 | ||
| 049 | _aCG | ||
| 050 | 4 |
_aTS156.6 _bB7.2 |
|
| 100 | 1 | _aBrumm, Eugenia K. | |
| 245 | 1 | 0 |
_aAdministración de la documentación en las normas ISO 9000 : _bproducción y manejo de los documentos resultantes de la implementación de las ISO 9000 / _cEugenia K. Brumm ; tr. Octavio G. Rojas L. |
| 260 |
_aSanta Fe de Bogotá : _bRojas Eberhard, _cc1999. |
||
| 300 | _a524 p. | ||
| 534 |
_pTraducción de: _tManaging records for ISO 9000 complience |
||
| 650 | 4 |
_aNORMAS ISO 9000 _95629 |
|
| 650 | 4 |
_aCLASIFICACION DE DOCUMENTOS _95363 |
|
| 650 | 4 |
_aSISTEMAS DE ALMACENAMIENTO Y RECUPERACION DE INFORMACION _96288 |
|
| 905 | _aLibro | ||
| 999 |
_c89263 _d89263 |
||